000 00359 a2200169 4500
001 190289
020 _a978-85-349-2505-1
040 _cMagnum
100 _aAlves, Rubem
240 1 0 _aA felicidade dos pais
_lpor
245 1 0 _aA felicidade dos pais
300 _a
362 0 _a2008
440 1 _aPaulus
697 _aLITERATURA INFANTO
942 _cBK
999 _c190289
_d190289